书目信息 |
| 题名: |
新编计算机专业英语应用教程
|
|
| 作者: | 王蕾 , 孟建敏 编 | |
| 分册: | ||
| 出版信息: | 西安 西北工业大学出版社 2005.07 |
|
| 页数: | 321页 | |
| 开本: | 26cm | |
| 丛书名: | ||
| 单 册: | ||
| 中图分类: | H31 | |
| 科图分类: | ||
| 主题词: | 电子计算机--dian zi ji suan ji--英语--高等学校:技术学校--教材 | |
| 电子资源: | ||
| ISBN: | 7-5612-1932-6 | |
| 000 | 00924nam0 2200241 450 | |
| 001 | 012007106266 | |
| 005 | 20070622154751.75 | |
| 010 | @a7-5612-1932-6@dCNY27.00 | |
| 100 | @a20070411d2005 km y0chiy0120 ea | |
| 101 | 0 | @achi@aeng |
| 102 | @aCN@b610000 | |
| 105 | @aa z 000yy | |
| 200 | 1 | @a新编计算机专业英语应用教程@Axin bian ji suan ji zhuan ye ying yu ying yong jiao cheng@f王蕾, 孟建敏编@Fwang lei,meng jian min bian |
| 210 | @a西安@c西北工业大学出版社@d2005.07 | |
| 215 | @a321页@c图@d26cm | |
| 300 | @a21世纪高职高专计算机课程精选教材 | |
| 330 | @a本书是为高职高专计算机英语课程而编写的教材。主要目的是使学生通过计算机英语的学习,既掌握一定的专业术语,又能提高英语的说、读、写、译的能力。 | |
| 606 | 0 | @a电子计算机@Adian zi ji suan ji@x英语@x高等学校:技术学校@x教材 |
| 690 | @aH31@v4 | |
| 701 | 0 | @a王蕾@Awang lei@4编 |
| 701 | 0 | @a孟建敏@Ameng jian min@4编 |
| 801 | 0 | @aCN@c20070622 |
| 905 | @dH31@eW263 | |
| 新编计算机专业英语应用教程/王蕾, 孟建敏编.-西安:西北工业大学出版社,2005.07 |
| 321页:图;26cm |
| 21世纪高职高专计算机课程精选教材 |
| ISBN 7-5612-1932-6:CNY27.00 |
| 本书是为高职高专计算机英语课程而编写的教材。主要目的是使学生通过计算机英语的学习,既掌握一定的专业术语,又能提高英语的说、读、写、译的能力。 |
| ● |
| 相关链接 |
|
|
|
正题名:新编计算机专业英语应用教程
索取号:H31/W263
 
预约/预借
| 序号 | 登录号 | 条形码 | 馆藏地/架位号 | 状态 | 备注 |
| 1 | 240754 | 202407546 | 语言库209/209语言库 87排1列3层/ [索取号:H31/W263] | 在馆 | |
| 2 | 240755 | 202407555 | 语言库209/209语言库 87排1列3层/ [索取号:H31/W263] | 在馆 | |
| 3 | 240756 | 202407564 | 语言库209/209语言库 87排1列3层/ [索取号:H31/W263] | 在馆 |